Xã hội học
Nội dung sách trình bày về đối tượng, chức năng và nhiệm vụ của xã hội học; Sự ra đời và phát triển xã hội học; Phương pháp nghiên cứu xã hội học thực nghiệm; Hành động xã hội và tương tác xã hội; Tổ chức xã hội và thiết chế...
Na minha lista:
| Autor principal: | |
|---|---|
| Outros Autores: | , , , |
| Formato: | Livro |
| Idioma: | Vietnamese |
| Publicado em: |
H.
Đại học Quốc gia Hà Nội
2008
|
| Edição: | In lần thứ 4 |
| Assuntos: | |
| Tags: |
Adicionar Tag
Sem tags, seja o primeiro a adicionar uma tag!
|
| Thư viện lưu trữ: | Thư viện Trường Đại học Nam Cần Thơ |
|---|
| LEADER | 01530nam a22002657a 4500 | ||
|---|---|---|---|
| 001 | NCT_93940 | ||
| 008 | 211208b xxu||||| |||| 00| 0 vie d | ||
| 999 | |c 4656 |d 4656 | ||
| 020 | |c 40000 | ||
| 082 | 0 | 4 | |2 23rd ed. |a 301 |b D431 |
| 100 | 1 | |a Phạm Tất Dong |e Chủ biên | |
| 245 | 1 | 0 | |a Xã hội học |c Phạm Tất Dong, Lê Ngọc Hùng (Đồng chủ biên); Phạm Văn Quyết, Nguyễn Quý Thanh, Hoàng Bá Thịnh |
| 250 | |a In lần thứ 4 | ||
| 260 | |a H. |b Đại học Quốc gia Hà Nội |c 2008 | ||
| 300 | |a 326 tr. |c 21cm | ||
| 500 | |a ĐTTS ghi: Trường Đại học Khoa học xã hội và nhân văn | ||
| 520 | 3 | |a Nội dung sách trình bày về đối tượng, chức năng và nhiệm vụ của xã hội học; Sự ra đời và phát triển xã hội học; Phương pháp nghiên cứu xã hội học thực nghiệm; Hành động xã hội và tương tác xã hội; Tổ chức xã hội và thiết chế xã hội; Cơ cấu xã hội;... | |
| 653 | |a Quan hệ công chúng | ||
| 700 | 1 | |a Lê Ngọc Hùng (Chủ biên) | |
| 700 | 1 | |a Phạm Văn Quyết | |
| 700 | 1 | |a Nguyễn Quý Thanh | |
| 700 | 1 | |a Hoàng Bá Thịnh | |
| 942 | |2 ddc |c BK | ||
| 952 | |0 0 |1 0 |2 ddc |4 0 |6 301_000000000000000_D431 |7 0 |9 21814 |a 000001 |b 000001 |d 2021-12-08 |o 301 D431 |p MD.18581 |r 2021-12-08 |v 40000.00 |w 2021-12-08 |y BK | ||
| 980 | |a Thư viện Trường Đại học Nam Cần Thơ | ||